<?xml version="1.0" encoding="UTF-8"?>
<marc:record xmlns:marc="http://www.loc.gov/MARC21/slim">
   <marc:leader>00000nam a2200000 a 4500</marc:leader>
   <marc:datafield ind1="1" ind2=" " tag="100">
      <marc:subfield code="a">Meurisch, Stephan</marc:subfield>
      <marc:subfield code="4">aut</marc:subfield>
      <marc:subfield code="e">Verfasser/-in</marc:subfield>
   </marc:datafield>
   <marc:datafield ind1=" " ind2=" " tag="653">
      <marc:subfield code="a">Reisebericht</marc:subfield>
   </marc:datafield>
   <marc:datafield ind1="0" ind2="0" tag="245">
      <marc:subfield code="a">Ich geh dann mal nach Tibet</marc:subfield>
   </marc:datafield>
   <marc:datafield ind1="0" ind2="0" tag="245">
      <marc:subfield code="b">13.000 km, 13 Länder, 0 Budget : oder warum Tibet am Ende gar nicht mehr das Ding war</marc:subfield>
   </marc:datafield>
   <marc:datafield ind1=" " ind2="1" tag="264">
      <marc:subfield code="a">München</marc:subfield>
      <marc:subfield code="b">Knesebeck GmbH &amp; Co. Verlag KG</marc:subfield>
      <marc:subfield code="c">2019</marc:subfield>
   </marc:datafield>
   <marc:datafield ind1="1" ind2=" " tag="490">
      <marc:subfield code="a">Knesebeck stories</marc:subfield>
   </marc:datafield>
   <marc:datafield ind1=" " ind2=" " tag="250">
      <marc:subfield code="a">2. Aufl.</marc:subfield>
   </marc:datafield>
   <marc:datafield ind1="1" ind2=" " tag="520">
      <marc:subfield code="a">Angaben aus der Verlagsmeldung##Ich geh dann mal nach Tibet : 13.000 km, 13 Länder, 0 Budget / von Stephan Meurisch, Bernd Flessner##Zu Fuß und ohne Geld nach Tibet: die überraschende und sympathische Story einer lebensverändernden Reise##Als Stephan Meurisch am 31. Oktober 2015 in Tibet ankommt, hat er von München aus in vier Jahren 13.000 Kilometer zu Fuß zurückgelegt. Ein Weg voller Höhen und Tiefen, voller Begegnungen, voller Umwege  und ohne Geld. Unterwegs lernt er fremde Kulturen kennen und fremde Sitten. Doch vor allem lernt er Demut: Um Essen oder eine Schlafstelle muss er bitten, ist angewiesen auf Kontakte zu anderen Menschen und ihre Hilfsbereitschaft. Er muss mitarbeiten. Mitleben. Manchmal hält es ihn dort, wo er gerade ist. Dann drängt es ihn weiterzuziehen. So geht es über Georgien, den Iran und Indien in weiteren Etappen bis nach Tibet. Am Ziel anzukommen wird immer weniger wichtig.##Low-Budget-Reisen. Dieses Buch zeigt: Du kannst es auch!##Stephan Meurisch war nicht immer ein sportlicher Langstreckengeher. Doch nachdem er den spanischen Jacobsweg bewältigt hatte, ist der Laufhunger geweckt, und Tibet als neues Ziel geht ihm nicht mehr aus dem Kopf. Auf diese Reise will er nicht warten, bis die Gelegenheit günstig und genug Geld vorhanden ist. Es sollte sofort sein. Er kündigt, löst seine Wohnung auf, packt einen Rucksack und geht los!##Ein packender Reisebericht voller Freude am Leben, der Mut macht, die eigene Komfortzone zu verlassen.</marc:subfield>
   </marc:datafield>
   <marc:datafield ind1=" " ind2=" " tag="020">
      <marc:subfield code="a">9783957283467</marc:subfield>
      <marc:subfield code="9">9783957283467</marc:subfield>
   </marc:datafield>
   <marc:datafield ind1=" " ind2=" " tag="041">
      <marc:subfield code="a">ger</marc:subfield>
   </marc:datafield>
   <marc:datafield ind1=" " ind2=" " tag="300">
      <marc:subfield code="a">255 Seiten, 32 ungez</marc:subfield>
   </marc:datafield>
</marc:record>
